Papiroskromatográfiás eljárás mesterséges élelmiszerszínezékek elválasztására és felismerésére

A szerző kétdimenziós papiroskromatográfiás eljárást dolgozott ki 12 mesterséges élelmiszerszínezék elválasztására. Verfasser hat ein zweidimensionales Verfahren zur Trennung von 12 künstlichen Lebensmittelfarbstoffen ausgearbeitet.

Elmentve itt :
Bibliográfiai részletek
Szerző: Jaschik Sándor
Dokumentumtípus: Cikk
Megjelent: 1956
Sorozat:Élelmiszervizsgálati közlemények 2 No. 2
Kulcsszavak:Papírkromatográfia, Kromatográfia - módszer, Élelmiszervizsgálat - módszer, Élelmiszer-színezékek
Tárgyszavak:
Online Access:http://acta.bibl.u-szeged.hu/81690
LEADER 01238nab a2200241 i 4500
001 acta81690
005 20230925105921.0
008 230925s1956 hu o 0|| hun d
040 |a SZTE Egyetemi Kiadványok Repozitórium  |b hun 
041 |a hun 
041 |a ger 
041 |a rus 
100 1 |a Jaschik Sándor 
245 1 0 |a Papiroskromatográfiás eljárás mesterséges élelmiszerszínezékek elválasztására és felismerésére  |h [elektronikus dokumentum] /  |c  Jaschik Sándor 
260 |c 1956 
300 |a 88-91 
490 0 |a Élelmiszervizsgálati közlemények  |v 2 No. 2 
520 3 |a A szerző kétdimenziós papiroskromatográfiás eljárást dolgozott ki 12 mesterséges élelmiszerszínezék elválasztására. Verfasser hat ein zweidimensionales Verfahren zur Trennung von 12 künstlichen Lebensmittelfarbstoffen ausgearbeitet. 
650 4 |a Műszaki és technológiai tudományok 
650 4 |a Egyéb műszaki tudományok és technológiák 
650 4 |a Élelmiszer és italfélék 
695 |a Papírkromatográfia, Kromatográfia - módszer, Élelmiszervizsgálat - módszer, Élelmiszer-színezékek 
856 4 0 |u http://acta.bibl.u-szeged.hu/81690/1/elelmiszervizsgalati_kozlemenyek_1956_02_088-091.pdf  |z Dokumentum-elérés